Ověření ekvivalence automatických analyzátorů suspendovaných částic PM10 v monitorovací síti kvality ovzduší na území České republiky

Podrobná bibliografia
Hlavní autori: Horálek, Jan (Author), Brožová, Irena (Author), Šantroch, Jaroslav (Author)
Médium: Článok
Jazyk:Czech
Témy:
Zdroj: 1. Ochrana ovzduší 1. 1211-0337 1. Roč. 19 (38), č. 1 (2006), s. 4-6
LEADER 01017nab#a2200325#ar4500
001 000079953
003 SVKKK
005 20060726100736.0
008 060726c2006 xr e cze
FMT
038 |a SVKKK 
040 |a SVKKK  |b slo  |e AACR2 
041 0 |a cze 
044 |a xr  |c CZ 
080 |a 349.6  |2 1997 
080 |a 504.3.064(437.1/.2)  |2 1997 
100 1 |a Horálek, Jan  |4 aut 
245 1 0 |a Ověření ekvivalence automatických analyzátorů suspendovaných částic PM10 v monitorovací síti kvality ovzduší na území České republiky  |c Jan Horálek, Irena Brožová, Jaroslav Šantroch 
300 |b Obr., tab. 
504 |a Bibliogr. odkazy 
650 0 4 |a ovzdušie  |x monitoring  |x analyzátory automatické  |x predpisy právne  |z Česko 
700 1 |a Brožová, Irena  |4 aut 
700 1 |a Šantroch, Jaroslav  |4 aut 
773 0 |t Ochrana ovzduší  |x 1211-0337  |g Roč. 19 (38), č. 1 (2006), s. 4-6 
958 |a CZ 
958 |a NB 
992 |a RBX 
BAS
852 |a SVKKK  |b BIB 
998 |a GEO